Normal view
MARC view
Entry Personal Name
001 - CONTROL NUMBER
- control field: 36378
003 - CONTROL NUMBER IDENTIFIER
- control field: dpl
005 - DATE AND TIME OF LATEST TRANSACTION
- control field: 20111201115016.0
008 - FIXED-LENGTH DATA ELEMENTS
- fixed length control field: 111201|||a|||||| | ||| d
040 ## - CATALOGING SOURCE
- Original cataloging agency: dpl
- Transcribing agency: dpl
100 ## - HEADING--PERSONAL NAME
- Personal name: Patel, Sujata
670 ## - SOURCE DATA FOUND
- Source citation: Work cat.: (dpl): Bombay:, 2007
670 ## - SOURCE DATA FOUND
- Source citation: Work cat.: (dpl): Bombay:, 2007
